| 000 | 00541nam a22001577a 4500 | ||
|---|---|---|---|
| 008 | 220518b |||||||| |||| 00| 0 eng d | ||
| 020 | _a0471712914. | ||
| 050 | _aCC75.R42 1973 | ||
| 100 |
_aRedman L. Charles _951645 |
||
| 245 |
_aResearch and theory in current archeology, _cCharles L. Redman |
||
| 260 |
_aNew York: _bJohn Wiley & Sons, _c1973. |
||
| 300 |
_aix,390p.; _c23cm. |
||
| 650 |
_aarchaeology _xaddresses,essays,lectures _951646 |
||
| 650 |
_aarchaeology _vaddresses,essays,lectures _xmethodology _951647 |
||
| 942 |
_2lcc _cMONOGRAPH |
||
| 999 |
_c131452 _d131452 |
||